|
|
|
|
| LEADER |
00613cam a2200205ua 4500 |
| 008 |
060815t1958||||||||||| 00 ||eng c |
| 020 |
|
|
|a 81-85896-09-6
|
| 041 |
0 |
|
|a eng
|
| 082 |
|
|
|a In823.9
|b NAR/F
|
| 100 |
0 |
|
|a Narayan, R.K,
|
| 245 |
0 |
0 |
|a The financial expert /
|
| 250 |
|
|
|a 1st ed.
|
| 260 |
|
|
|a Mysore:
|b Indian thought publication,
|c 1958.
|
| 300 |
|
|
|a 218p..
|
| 362 |
1 |
|
|a 1958.
|
| 365 |
|
|
|a Rs.63/-
|e pb
|
| 650 |
0 |
|
|a Indian English Literature
|
| 942 |
|
|
|c BK
|
| 999 |
|
|
|c 7356
|d 7356
|
| 952 |
|
|
|0 0
|1 0
|4 0
|6 IN_823_900000000000000_NAR
|7 0
|9 7701
|a KUCL
|b KUCL
|d 2014-05-23
|l 1
|o In 823.9 NAR/
|p 00606
|r 2016-06-15
|s 2016-03-14
|y BK
|